[Event "Oslo Chess Festival 2017 "]
[Site "Quality Hotel Expo, Fornebu"]
[Date "2017.09.29"]
[Round "1"]
[White "Bentsen, Håkon"]
[Black "Roksvold, Thore"]
[Result "1-0"]
[WhiteElo "2071"]
[BlackElo "1479"]
[PlyCount "61"]
[EventDate "2017.??.??"]

1. e4 g6 2. d4 Bg7 3. Nc3 d6 4. f4 a6 5. Nf3 Bg4 6. Be3 Nd7 7. Bc4 e6 8. h3
Bxf3 9. Qxf3 b5 10. Bd3 c5 11. dxc5 Nxc5 12. e5 Nxd3+ 13. cxd3 d5 14. Ne2 Ne7
15. Nd4 O-O 16. O-O Rc8 17. Rac1 Qd7 18. Qe2 Rxc1 19. Rxc1 Rc8 20. Qd2 Rxc1+
21. Qxc1 h5 22. b4 Nf5 23. Nxf5 exf5 24. Bc5 Bf8 25. d4 Be7 26. Qa3 Bxc5 27.
bxc5 Qc6 28. Qa5 Kg7 29. Qb6 Qc8 30. c6 Kf8 31. Qb7
1-0

[Event "Oslo Chess Festival 2017 "]
[Site "Quality Hotel Expo, Fornebu"]
[Date "2017.09.29"]
[Round "1"]
[White "Martinsen, Vegard"]
[Black "Ingebretsen, Jens E"]
[Result "0-1"]
[WhiteElo "1443"]
[BlackElo "2062"]
[PlyCount "36"]
[EventDate "2017.??.??"]

1. e4 c5 2. d4 cxd4 3. c3 dxc3 4. Nxc3 Nc6 5. Bc4 Nf6 6. Nf3 d6 7. Be3 e6 8.
O-O Be7 9. Qe2 O-O 10. Rfd1 Qa5 11. Nd4 Ne5 12. Ndb5 a6 13. Nxd6 b5 14. Bb3 Bd7
15. f4 Neg4 16. e5 Nxe3 17. Qxe3 Ng4 18. Qf3 Qb6+
0-1

[Event "Oslo Chess Festival 2017 "]
[Site "Quality Hotel Expo, Fornebu"]
[Date "2017.09.29"]
[Round "1"]
[White "Gonzàles, Francisco Silva"]
[Black "Beitnes, Andreas Røberg"]
[Result "1-0"]
[WhiteElo "2046"]
[BlackElo "1430"]
[PlyCount "81"]
[EventDate "2017.??.??"]

1. d4 Nf6 2. c4 c5 3. d5 e6 4. Nc3 exd5 5. cxd5 d6 6. Nf3 g6 7. Bf4 Bg7 8. h3
O-O 9. e3 Re8 10. Nd2 a6 11. a4 Nh5 12. Bh2 Nd7 13. Be2 Be5 14. O-O Ng7 15.
Bxe5 Nxe5 16. f4 Nd7 17. e4 f5 18. a5 Nf6 19. e5 dxe5 20. fxe5 Nxd5 21. Nxd5
Rxe5 22. Nb6 Rb8 23. Nf3 Qxd1 24. Bxd1 Re8 25. Rc1 Be6 26. Ng5 Rbd8 27. Re1 h6
28. Nxe6 Rxe6 29. Bb3 Kf7 30. Rxc5 Kf6 31. Nd5+ Kg5 32. Rf1 Re2 33. Rf2 Rxf2
34. Kxf2 Ne6 35. Rc3 Nd4 36. Rg3+ Kh4 37. Ne7 Nxb3 38. Nxg6+ Kh5 39. Nf4+ Kh4
40. Rg6 Rd2+ 41. Ke3
1-0

[Event "Oslo Chess Festival 2017 "]
[Site "Quality Hotel Expo, Fornebu"]
[Date "2017.09.29"]
[Round "1"]
[White "Larre, Linnea"]
[Black "Federovski, Adi"]
[Result "0-1"]
[WhiteElo "1426"]
[BlackElo "2030"]
[PlyCount "78"]
[EventDate "2017.??.??"]

1. e4 c5 2. Nf3 Nc6 3. Nc3 e5 4. Be2 Nf6 5. O-O Be7 6. h3 O-O 7. Bc4 Nxe4 8.
Nxe4 d5 9. Nxc5 dxc4 10. Ne4 f5 11. Nc3 e4 12. Nh2 Bd6 13. f4 Qh4 14. d3 Bc5+
15. Kh1 Rd8 16. Qe1 Qxe1 17. Rxe1 cxd3 18. cxd3 Rxd3 19. Rd1 Rxd1+ 20. Nxd1 Nb4
21. Bd2 Nd3 22. Rb1 Be6 23. a3 Bb3 24. Ne3 g6 25. Nhf1 Rd8 26. g3 b6 27. Bc3
Nf2+ 28. Kg2 Nd1 29. Nxd1 Bxd1 30. b4 Bf3+ 31. Kh2 Bf2 32. Bd2 Rd3 33. Be1 Bd4
34. Rc1 Rxa3 35. Rc2 e3 36. h4 Ra1 37. Nxe3 Bxe3 38. Rc8+ Kf7 39. Rc7+ Ke6
0-1

[Event "Oslo Chess Festival 2017 "]
[Site "Quality Hotel Expo, Fornebu"]
[Date "2017.09.29"]
[Round "1"]
[White "Bruaset, Eivind"]
[Black "Smedsrud, Morten S"]
[Result "1-0"]
[WhiteElo "2012"]
[BlackElo "1371"]
[PlyCount "45"]
[EventDate "2017.??.??"]

1. e4 c6 2. d4 d5 3. exd5 cxd5 4. c4 Nf6 5. Nc3 Bf5 6. Qb3 Nc6 7. cxd5 e6 8.
dxc6 bxc6 9. Qa4 Qc7 10. Bf4 Bd6 11. Bxd6 Qxd6 12. Nf3 O-O 13. Nh4 Rfb8 14.
Nxf5 exf5 15. O-O-O Rb4 16. Qc2 Rab8 17. b3 Rxd4 18. Rxd4 Qxd4 19. Bc4 Nd5 20.
Bxd5 cxd5 21. Rd1 Qb4 22. Nxd5 Qa3+ 23. Kb1
1-0

[Event "Oslo Chess Festival 2017 "]
[Site "Quality Hotel Expo, Fornebu"]
[Date "2017.09.29"]
[Round "1"]
[White "Hestvik, Elias"]
[Black "Lindbøl, Aleksander"]
[Result "0-1"]
[WhiteElo "1354"]
[BlackElo "2006"]
[PlyCount "80"]
[EventDate "2017.??.??"]

1. e4 c5 2. Nf3 d6 3. d4 cxd4 4. Nxd4 Nf6 5. Nc3 a6 6. Be3 e6 7. Nb3 Nc6 8. f3
Be7 9. Bd3 O-O 10. Qd2 b5 11. a3 Bb7 12. O-O Rc8 13. Rfe1 Qc7 14. Qf2 Nd7 15.
Nd4 Nce5 16. h3 Nc5 17. Red1 Bf6 18. Bxb5 Qe7 19. Bd3 Bh4 20. Qe2 Rfe8 21. Bf2
Bf6 22. Nb3 Nexd3 23. Rxd3 Nxd3 24. Qxd3 Qc7 25. Bd4 Bxd4+ 26. Qxd4 Red8 27.
Re1 h6 28. Re2 Bc6 29. e5 dxe5 30. Qxe5 Bd5 31. Qxc7 Rxc7 32. Rd2 Rb8 33. Nxd5
exd5 34. Kf2 a5 35. Nxa5 Rxb2 36. Rxd5 Rcxc2+ 37. Ke3 Rc3+ 38. Rd3 Rxd3+ 39.
Kxd3 Rxg2 40. Nc4 Rg3
0-1

[Event "Oslo Chess Festival 2017 "]
[Site "Quality Hotel Expo, Fornebu"]
[Date "2017.09.29"]
[Round "1"]
[White "Ilyes, Peter"]
[Black "Hånes, Sturle"]
[Result "1-0"]
[WhiteElo "1996"]
[BlackElo "1300"]
[PlyCount "75"]
[EventDate "2017.??.??"]

1. e4 c5 2. Nf3 Nc6 3. d4 cxd4 4. Nxd4 e6 5. Nc3 a6 6. Be3 Bb4 7. Nxc6 bxc6 8.
Qd4 Bxc3+ 9. Qxc3 Nf6 10. f3 O-O 11. Bc5 Re8 12. Bd6 Nxe4 13. fxe4 Qh4+ 14. Kd2
Qxe4 15. Qc4 Qd5+ 16. Qxd5 cxd5 17. c4 dxc4 18. Bxc4 Bb7 19. Rhg1 Rec8 20. Bd3
Rc6 21. Ba3 d5 22. Rac1 Rac8 23. Rxc6 Rxc6 24. Rc1 Rc8 25. Rxc8+ Bxc8 26. Bd6
h6 27. Kc3 g6 28. Kb4 Kg7 29. Ka5 f6 30. Bxa6 Bxa6 31. Kxa6 e5 32. b4 d4 33. b5
d3 34. Bb4 e4 35. Bd2 f5 36. b6 g5 37. b7 Kg6 38. b8=Q
1-0

[Event "Oslo Chess Festival 2017 "]
[Site "Quality Hotel Expo, Fornebu"]
[Date "2017.09.29"]
[Round "1"]
[White "Bentsen, Morten"]
[Black "Vitenberg, Noam Aviv"]
[Result "0-1"]
[WhiteElo "1292"]
[BlackElo "1989"]
[PlyCount "98"]
[EventDate "2017.??.??"]

1. d4 Nf6 2. c4 e6 3. Nc3 Bb4 4. Bd2 O-O 5. a3 Bxc3 6. Bxc3 Ne4 7. Bb4 d6 8.
Nf3 c5 9. Qd3 f5 10. Bc3 b6 11. d5 Nxc3 12. Qxc3 exd5 13. cxd5 Bb7 14. Rd1 Nd7
15. e3 Qe7 16. Be2 f4 17. O-O fxe3 18. fxe3 Rae8 19. Bb5 a6 20. Bxd7 Qxd7 21.
Qd3 Qf5 22. Qxf5 Rxf5 23. Rd3 Rxd5 24. Rfd1 Rxd3 25. Rxd3 Re6 26. Kf2 Rf6 27.
a4 Be4 28. Rb3 d5 29. Kg3 Kf8 30. Ne5 Ke7 31. h3 Bc2 32. Ra3 Re6 33. Nf3 Re4
34. a5 b5 35. Rc3 Rc4 36. Ne5 Rxc3 37. bxc3 Kd6 38. Nf7+ Kc7 39. Kf4 b4 40.
cxb4 cxb4 41. Ne5 b3 42. Nf3 b2 43. Nd2 b1=Q 44. Nxb1 Bxb1 45. Ke5 Be4 46. g4
Kc6 47. Ke6 Kb5 48. Kf7 g6 49. Kg7 h5
0-1

[Event "Oslo Chess Festival 2017 "]
[Site "Quality Hotel Expo, Fornebu"]
[Date "2017.09.29"]
[Round "1"]
[White "Smeby, Ole"]
[Black "Naudeer, Terje Skonseng"]
[Result "1-0"]
[WhiteElo "1985"]
[BlackElo "1207"]
[PlyCount "59"]
[EventDate "2017.??.??"]

1. d4 d5 2. c4 c6 3. e3 Nf6 4. Nf3 Bf5 5. Bd3 Bg6 6. O-O e6 7. Nc3 Bd6 8. Re1
Nbd7 9. e4 dxe4 10. Nxe4 Bc7 11. Bg5 O-O 12. Nxf6+ Nxf6 13. Bxg6 hxg6 14. Qb3
Rb8 15. Rad1 Re8 16. Ne5 Qd6 17. Qf3 Bd8 18. b3 Rf8 19. Re3 Nh7 20. Bf4 Rc8 21.
Nxg6 Qd7 22. Nxf8 Kxf8 23. Qh5 Nf6 24. Qh8+ Ng8 25. Rg3 Bf6 26. Bh6 Ke7 27.
Bxg7 Bxg7 28. Qxg7 Nf6 29. Rf3 Ne8 30. Rxf7+
1-0

[Event "Oslo Chess Festival 2017 "]
[Site "Quality Hotel Expo, Fornebu"]
[Date "2017.09.29"]
[Round "1"]
[White "Selvik, Elma"]
[Black "Taksrud, Vidar"]
[Result "0-1"]
[WhiteElo "1186"]
[BlackElo "1983"]
[PlyCount "82"]
[EventDate "2017.??.??"]

1. e4 Nf6 2. Nc3 d5 3. exd5 Nxd5 4. Nxd5 Qxd5 5. d4 Nc6 6. Nf3 Bg4 7. c3 e5 8.
Be2 exd4 9. cxd4 Bb4+ 10. Bd2 Bxd2+ 11. Qxd2 O-O-O 12. O-O Nxd4 13. Nxd4 Bxe2
14. Qxe2 Qxd4 15. Rfd1 Rhe8 16. Qxe8 Qxd1+ 17. Rxd1 Rxe8 18. Kf1 Re7 19. b3 Rd7
20. Rxd7 Kxd7 21. Ke2 Kd6 22. Kd3 Kd5 23. a4 Kc5 24. Kc3 a5 25. f4 f5 26. h3
Kd5 27. Kd3 c6 28. g3 b5 29. Ke3 h5 30. Kd3 b4 31. h4 c5 32. Ke3 c4 33. bxc4+
Kxc4 34. Kd2 b3 35. Kc1 Kc3 36. Kb1 b2 37. g4 hxg4 38. h5 g3 39. h6 g2 40. h7
Kb3 41. h8=Q g1=Q#
0-1

[Event "Oslo Chess Festival 2017 "]
[Site "Quality Hotel Expo, Fornebu"]
[Date "2017.09.29"]
[Round "1"]
[White "Larsen, Ulrik"]
[Black "Madsen, Øystein"]
[Result "1-0"]
[WhiteElo "1975"]
[BlackElo "1169"]
[PlyCount "71"]
[EventDate "2017.??.??"]

1. e4 g6 2. d4 Bg7 3. Nc3 d6 4. f4 a6 5. Nf3 b5 6. a4 b4 7. Nd5 a5 8. Bc4 e6 9.
Ne3 h6 10. O-O Ne7 11. f5 exf5 12. exf5 Bxf5 13. Nh4 Be6 14. Bxe6 O-O 15. Bc4
Nbc6 16. Nf3 d5 17. Bb5 Qd6 18. Ng4 Kh7 19. Nfe5 Nxe5 20. dxe5 Bxe5 21. Bxh6
Rfd8 22. Rxf7+ Kg8 23. Nxe5 Qxe5 24. Rxe7 Qxe7 25. Qd2 Rd6 26. Re1 Qf7 27. Rf1
Qe7 28. Bf4 Re6 29. Qxd5 Rd8 30. Qg5 Qxg5 31. Bxg5 Rd4 32. b3 Red6 33. Bc4+ Kh7
34. Rf7+ Kg8 35. Rd7+ Kh8 36. Bf6+
1-0

[Event "Oslo Chess Festival 2017 "]
[Site "Quality Hotel Expo, Fornebu"]
[Date "2017.09.29"]
[Round "1"]
[White "Haynes, Noah"]
[Black "Wetle Hoem, Tor"]
[Result "0-1"]
[WhiteElo "1114"]
[BlackElo "1965"]
[PlyCount "58"]
[EventDate "2017.??.??"]

1. d4 Nf6 2. c4 e5 3. dxe5 Ng4 4. Bf4 Nc6 5. Nf3 Bb4+ 6. Nc3 Qe7 7. a3 Bxc3+ 8.
bxc3 Ngxe5 9. e3 d6 10. Be2 Bf5 11. Nd4 Bd7 12. O-O O-O 13. Rb1 b6 14. Qc2 Rae8
15. Nb5 Be6 16. Qa4 a5 17. Rfd1 Rc8 18. Nd4 Bd7 19. Qc2 Rfe8 20. Bf3 Nxf3+ 21.
Nxf3 Bg4 22. Ng5 g6 23. f3 Bf5 24. e4 Bd7 25. Qd2 h6 26. Nxf7 Qxf7 27. Bxh6
Qxc4 28. Qf4 Qf7 29. Qg3 Re5
0-1

[Event "Oslo Chess Festival 2017 "]
[Site "Quality Hotel Expo, Fornebu"]
[Date "2017.09.29"]
[Round "1"]
[White "Johansen, Kai-Roger"]
[Black "Engevik, Sissel Merete"]
[Result "1-0"]
[WhiteElo "1950"]
[BlackElo "1092"]
[PlyCount "61"]
[EventDate "2017.??.??"]

1. d4 d5 2. c4 Nf6 3. Nc3 e6 4. Bg5 h6 5. Bxf6 Qxf6 6. cxd5 Bb4 7. Qa4+ Bd7 8.
Qxb4 b6 9. e3 a5 10. Qc4 Na6 11. dxe6 fxe6 12. Nf3 Nb4 13. Rc1 O-O 14. Ne5 Rad8
15. f4 Nc6 16. Nxc6 Bxc6 17. Qxc6 Qe7 18. Bc4 Kh7 19. O-O Rd6 20. Qe4+ g6 21.
Nb5 Rd7 22. Bxe6 Rdd8 23. Rxc7 Qg7 24. Rxg7+ Kxg7 25. Qe5+ Rf6 26. Qc7+ Rf7 27.
Qxf7+ Kh8 28. Qf6+ Kh7 29. Qe7+ Kh8 30. Qxd8+ Kh7 31. Qg8#
1-0

[Event "Oslo Chess Festival 2017 "]
[Site "Quality Hotel Expo, Fornebu"]
[Date "2017.09.29"]
[Round "1"]
[White "Kvisla, Johannes Luangtep"]
[Black "Al-Tarbosh, Ward"]
[Result "0-1"]
[WhiteElo "2238"]
[BlackElo "2270"]
[PlyCount "62"]
[EventDate "2017.??.??"]

1. d4 d5 2. Bf4 Nf6 3. e3 c5 4. c3 e6 5. Nd2 cxd4 6. exd4 Bd6 7. Bxd6 Qxd6 8.
Ngf3 O-O 9. Bd3 b6 10. Qe2 a5 11. a4 Ba6 12. Bxa6 Nxa6 13. O-O Nc7 14. Ne5 Rfb8
15. f4 b5 16. axb5 Rxb5 17. Nd3 g6 18. Qe5 Qd8 19. b4 Nce8 20. Qg5 axb4 21.
Nxb4 Rxa1 22. Rxa1 Qc8 23. Qg3 Nd6 24. Qd3 Rb7 25. Ra6 Nde4 26. Nxe4 Nxe4 27.
Nc6 Rb1+ 28. Qxb1 Qxa6 29. Ne5 Qe2 30. Nd3 Qe3+ 31. Kh1 Qxd3
0-1

[Event "Oslo Chess Festival 2017 "]
[Site "Quality Hotel Expo, Fornebu"]
[Date "2017.09.29"]
[Round "2"]
[White "Gajewski, Grzegorz"]
[Black "Hobber, Anders"]
[Result "1-0"]
[WhiteElo "2630"]
[BlackElo "2264"]
[PlyCount "59"]
[EventDate "2017.??.??"]

1. c4 c6 2. Nf3 d5 3. e3 Nf6 4. Nc3 a6 5. Qc2 g6 6. b3 Bg7 7. Be2 O-O 8. O-O
Bg4 9. h3 Bxf3 10. Bxf3 e6 11. d4 Nbd7 12. Ba3 Re8 13. Bd6 Nb6 14. Bg3 dxc4 15.
Rab1 Nfd5 16. Ne4 cxb3 17. Rxb3 e5 18. dxe5 Bxe5 19. Bxe5 Rxe5 20. Rfb1 a5 21.
a3 a4 22. R3b2 Ra5 23. Ng3 Rb5 24. Be2 Rxb2 25. Qxb2 Nd7 26. Qxb7 Nc3 27. Rb2
Nc5 28. Qxc6 h5 29. Bc4 Rg5 30. h4
1-0

[Event "Oslo Chess Festival 2017 "]
[Site "Quality Hotel Expo, Fornebu"]
[Date "2017.09.29"]
[Round "2"]
[White "Lund, Gunnar"]
[Black "Vovk, Andriy"]
[Result "0-1"]
[WhiteElo "2244"]
[BlackElo "2622"]
[PlyCount "56"]
[EventDate "2017.??.??"]

1. e4 c5 2. Nf3 d6 3. Bb5+ Nd7 4. O-O a6 5. Bd3 e6 6. c3 g5 7. Bc2 g4 8. Ne1
Ngf6 9. d4 Rg8 10. Qe2 Qc7 11. f4 h5 12. e5 Nd5 13. f5 cxd4 14. fxe6 fxe6 15.
exd6 Qxd6 16. cxd4 Bg7 17. Bg6+ Kd8 18. Bf7 Bxd4+ 19. Kh1 Rf8 20. Bh6 Rh8 21.
Bg5+ Bf6 22. Bxf6+ N7xf6 23. Nd2 Qe7 24. Bg6 Rg8 25. Be4 Bd7 26. Nd3 Rc8 27.
Nb3 Bb5 28. Nd4 Rc4
0-1

[Event "Oslo Chess Festival 2017 "]
[Site "Quality Hotel Expo, Fornebu"]
[Date "2017.09.29"]
[Round "2"]
[White "Maze, Sebastien"]
[Black "Vestby-Ellingsen, Mads"]
[Result "1-0"]
[WhiteElo "2614"]
[BlackElo "2262"]
[PlyCount "67"]
[EventDate "2017.??.??"]

1. e4 e5 2. Nf3 Nc6 3. Nc3 Nf6 4. Bb5 Bb4 5. O-O O-O 6. d3 Bxc3 7. bxc3 d6 8.
Re1 Ne7 9. Nh4 Ng6 10. Nxg6 fxg6 11. d4 Qe7 12. f3 h6 13. Bf1 g5 14. a4 g4 15.
a5 gxf3 16. Qxf3 a6 17. Rb1 Rb8 18. Bxa6 Bg4 19. Bc4+ d5 20. exd5 Bxf3 21. d6+
Qf7 22. Bxf7+ Rxf7 23. dxe5 Bd5 24. exf6 Rxf6 25. dxc7 Rc8 26. Rd1 Be4 27. Rd8+
Rf8 28. Rxc8 Rxc8 29. Bf4 Kf7 30. Rd1 g5 31. Be5 Bf5 32. Rd8 Ke7 33. c4 Be6 34.
c5
1-0

[Event "Oslo Chess Festival 2017 "]
[Site "Quality Hotel Expo, Fornebu"]
[Date "2017.09.29"]
[Round "2"]
[White "Ronneland, Daniel"]
[Black "Cornette, Matthieu"]
[Result "0-1"]
[WhiteElo "2218"]
[BlackElo "2602"]
[PlyCount "94"]
[EventDate "2017.??.??"]

1. e4 c6 2. d4 d5 3. e5 Bf5 4. Nf3 e6 5. Be2 Ne7 6. O-O Ng6 7. Nbd2 Nf4 8. Nb3
Nxe2+ 9. Qxe2 Be7 10. a4 a5 11. Be3 Bg4 12. c3 Nd7 13. h3 Bh5 14. Nbd2 Qb6 15.
b3 Qa6 16. Qxa6 Rxa6 17. Rfb1 O-O 18. b4 axb4 19. cxb4 Rfa8 20. a5 Bg6 21. Rb2
Rb6 22. Ra4 Rb5 23. Nb1 Nb6 24. Raa2 Nc4 25. Na3 Rxb4 26. Nxc4 dxc4 27. Rxb4
Bxb4 28. Ra4 Be7 29. Rxc4 Rxa5 30. Nd2 Ra3 31. Rc1 Bd3 32. Nc4 Bxc4 33. Rxc4
Ra1+ 34. Rc1 Rxc1+ 35. Bxc1 Kf8 36. Kf1 c5 37. dxc5 Bxc5 38. Ke2 Ke7 39. f4 Kd7
40. Kd3 Kc6 41. Ke4 Kb5 42. f5 Kc4 43. g4 Kc3 44. f6 g6 45. Kf4 Kc2 46. Kg5
Kxc1 47. Kh6 b5
0-1

[Event "Oslo Chess Festival 2017 "]
[Site "Quality Hotel Expo, Fornebu"]
[Date "2017.09.29"]
[Round "2"]
[White "Nordquelle, Daniel"]
[Black "Chatalbashev, Boris"]
[Result "0-1"]
[WhiteElo "2203"]
[BlackElo "2537"]
[PlyCount "68"]
[EventDate "2017.??.??"]

1. e4 g6 2. d4 Bg7 3. Nc3 c6 4. f4 d5 5. e5 Nh6 6. Nf3 f6 7. Bd3 Bg4 8. O-O O-O
9. h3 Bxf3 10. Rxf3 e6 11. Be3 c5 12. Bf1 Nf5 13. Ne2 cxd4 14. Nxd4 Nxe3 15.
Rxe3 fxe5 16. fxe5 Nc6 17. Nxc6 bxc6 18. Qd4 Qg5 19. Rae1 Rf4 20. Qc5 Raf8 21.
c3 d4 22. Rd3 Qf5 23. Rdd1 Bxe5 24. Bd3 Rf1+ 25. Bxf1 Bh2+ 26. Kxh2 Qxc5 27.
Rxd4 e5 28. Rde4 Qd6 29. Kg1 Rf5 30. Be2 Qd2 31. Bg4 Rf2 32. Bf3 Qxb2 33. Rxe5
Rc2 34. Bxc6 Qb6+
0-1

[Event "Oslo Chess Festival 2017 "]
[Site "Quality Hotel Expo, Fornebu"]
[Date "2017.09.29"]
[Round "2"]
[White "Blomqvist, Erik"]
[Black "Louis, Thibault"]
[Result "1-0"]
[WhiteElo "2521"]
[BlackElo "2207"]
[PlyCount "87"]
[EventDate "2017.??.??"]

1. Nf3 Nf6 2. g3 b6 3. Bg2 Bb7 4. O-O g6 5. d3 Bg7 6. e4 d6 7. c3 O-O 8. a4 a6
9. Ng5 e5 10. f4 c5 11. fxe5 dxe5 12. Na3 Nc6 13. Kh1 h6 14. Nf3 Ne8 15. Nc4
Nd6 16. Ne3 Kh7 17. Qc2 b5 18. g4 Rc8 19. axb5 axb5 20. Bd2 c4 21. dxc4 bxc4
22. Rad1 Ne7 23. Bc1 Qb6 24. Ng1 Rc5 25. Ne2 Rd8 26. Ng3 Bc6 27. h4 Qa5 28. Qf2
Be8 29. h5 Qc7 30. Nc2 Nb7 31. Be3 Rc6 32. Nb4 Rf6 33. Qe2 Rf4 34. Rxd8 Nxd8
35. Bxf4 exf4 36. Nd5 Nxd5 37. exd5 Bd7 38. Ne4 Qe5 39. Bf3 g5 40. Re1 Bxg4 41.
Bxg4 f5 42. Nxg5+ hxg5 43. Qxe5 Bxe5 44. Bxf5+
1-0

[Event "Oslo Chess Festival 2017 "]
[Site "Quality Hotel Expo, Fornebu"]
[Date "2017.09.29"]
[Round "2"]
[White "Nielsen, Andre"]
[Black "Stany, G.A."]
[Result "0-1"]
[WhiteElo "2162"]
[BlackElo "2491"]
[PlyCount "62"]
[EventDate "2017.??.??"]

1. e4 g6 2. d4 Bg7 3. Nc3 c6 4. f4 d5 5. e5 Qb6 6. Nf3 Bg4 7. Be2 Nh6 8. h3
Bxf3 9. Bxf3 Nf5 10. Ne2 h5 11. g3 e6 12. O-O c5 13. dxc5 Qxc5+ 14. Kg2 Nc6 15.
c3 g5 16. fxg5 Bxe5 17. Nf4 h4 18. g6 hxg3 19. gxf7+ Kxf7 20. Bh5+ Ke7 21. Qg4
Rag8 22. Nxe6 Rxg4 23. Nxc5 Nh4+ 24. Kg1 Rg7 25. Bg4 Nd4 26. Bf4 Rxg4 27. hxg4
Ne2+ 28. Kh1 Nf5+ 29. Kg2 Rh2+ 30. Kf3 Ng1+ 31. Rxg1 Rf2#
0-1

[Event "Oslo Chess Festival 2017 "]
[Site "Quality Hotel Expo, Fornebu"]
[Date "2017.09.29"]
[Round "2"]
[White "Li, Di"]
[Black "Sousa, Ludy Helsio P"]
[Result "1-0"]
[WhiteElo "2459"]
[BlackElo "2171"]
[PlyCount "95"]
[EventDate "2017.??.??"]

1. c4 c5 2. Nf3 Nc6 3. Nc3 g6 4. g3 Bg7 5. Bg2 d6 6. a3 e5 7. O-O Nge7 8. d3
O-O 9. Ne1 Be6 10. Nc2 d5 11. cxd5 Nxd5 12. Ne3 Nxc3 13. bxc3 e4 14. Bxe4 Bxc3
15. Rb1 Qd7 16. Bb2 Bxb2 17. Rxb2 f5 18. Bg2 f4 19. Nc4 fxg3 20. hxg3 b6 21.
Qa4 Rac8 22. Rc1 Bd5 23. Ne5 Qd6 24. Bxd5+ Qxd5 25. Nxc6 Rxc6 26. Qc4 Qxc4 27.
Rxc4 Rcf6 28. f3 Rd8 29. a4 Kf7 30. Kf2 Ke7 31. Rb1 Rd7 32. Rh1 Kd6 33. Rch4
Rff7 34. Rc1 Rc7 35. Rhc4 Rf8 36. f4 a6 37. d4 Rfc8 38. dxc5+ bxc5 39. e4 Rb8
40. Rd1+ Kc6 41. e5 Rb4 42. Rd6+ Kb7 43. Rxb4+ cxb4 44. a5 Kc8 45. Rb6 Rb7 46.
Ke3 b3 47. Kd2 Kc7 48. e6 1-0

[Event "Oslo Chess Festival 2017 "]
[Site "Quality Hotel Expo, Fornebu"]
[Date "2017.09.29"]
[Round "2"]
[White "Lillevold, Frode"]
[Black "Arvola, Benjamin"]
[Result "1/2-1/2"]
[WhiteElo "2128"]
[BlackElo "2458"]
[PlyCount "62"]
[EventDate "2017.??.??"]

1. d4 Nf6 2. c4 g6 3. Nc3 d5 4. Nf3 Bg7 5. Bg5 Ne4 6. Bh4 c5 7. cxd5 Nxc3 8.
bxc3 Qxd5 9. e3 Nc6 10. Be2 cxd4 11. cxd4 Qa5+ 12. Qd2 Qxd2+ 13. Kxd2 O-O 14.
Bb5 e6 15. Bxc6 bxc6 16. Rhc1 Rb8 17. Rxc6 Bb7 18. Rc7 Be4 19. Rac1 a6 20. Be7
Rfe8 21. Ba3 Bf8 22. Bxf8 Rxf8 23. Ne5 Rb2+ 24. Ke1 Bxg2 25. Ra7 Rxa2 26. Nd7
Rd8 27. Rcc7 Ra1+ 28. Kd2 Ra2+ 29. Ke1 Ra1+ 30. Kd2 Ra2+ 31. Ke1 Ra1+
1/2-1/2

[Event "Oslo Chess Festival 2017 "]
[Site "Quality Hotel Expo, Fornebu"]
[Date "2017.09.29"]
[Round "2"]
[White "Bartholomew, John"]
[Black "Li, Xueyi"]
[Result "1/2-1/2"]
[WhiteElo "2449"]
[BlackElo "2157"]
[PlyCount "77"]
[EventDate "2017.??.??"]

1. d4 d5 2. c4 e6 3. Nc3 c6 4. cxd5 exd5 5. Qc2 Nf6 6. Bg5 Na6 7. a3 Nc7 8. e3
Be7 9. Bd3 g6 10. Nf3 Ne6 11. Bh4 Ng7 12. O-O Bf5 13. b4 a6 14. a4 Bxd3 15.
Qxd3 Bxb4 16. Rab1 Bxc3 17. Qxc3 Ne4 18. Qb4 g5 19. Bg3 Ra7 20. Qb6 Qxb6 21.
Rxb6 O-O 22. Rfb1 Ne6 23. Rxb7 Rxb7 24. Rxb7 c5 25. h3 cxd4 26. exd4 Rc8 27.
Rb6 h5 28. Be5 Rc1+ 29. Kh2 Nxf2 30. g3 Nd3 31. Rxa6 Nxe5 32. Nxe5 Rc2+ 33. Kh1
Rc1+ 34. Kg2 Rc2+ 35. Kf1 Nxd4 36. Rf6 Ne2 37. g4 Ng3+ 38. Kg1 Ne2+ 39. Kf1
1/2-1/2

[Event "Oslo Chess Festival 2017 "]
[Site "Quality Hotel Expo, Fornebu"]
[Date "2017.09.29"]
[Round "2"]
[White "Zhao, Shengxin"]
[Black "Østenstad, Berge"]
[Result "0-1"]
[WhiteElo "2113"]
[BlackElo "2447"]
[PlyCount "82"]
[EventDate "2017.??.??"]

1. d4 Nf6 2. c4 c5 3. d5 e5 4. Nc3 d6 5. e4 Nbd7 6. Be2 a6 7. a4 Be7 8. Nf3 O-O
9. O-O Ne8 10. Be3 g6 11. Qd2 Ng7 12. Bh6 Kh8 13. Ng5 Nf6 14. f4 Ng8 15. Bxg7+
Kxg7 16. Nf3 exf4 17. Qxf4 f6 18. Nd1 Nh6 19. Nf2 Nf7 20. Nd3 Bd7 21. Qg3 Qa5
22. Nh4 Ng5 23. Qf4 Qc7 24. Bg4 b5 25. Bxd7 Qxd7 26. axb5 axb5 27. b3 bxc4 28.
bxc4 Ra4 29. Rfc1 Rfa8 30. Rxa4 Qxa4 31. Nf3 Qb3 32. Nf2 Qb2 33. Rf1 Ra1 34. h4
Rxf1+ 35. Kxf1 Nxf3 36. gxf3 Qc2 37. Qg4 Qxc4+ 38. Kg2 f5 39. exf5 Qxg4+ 40.
fxg4 gxf5 41. Kf3 Bxh4
0-1

[Event "Oslo Chess Festival 2017 "]
[Site "Quality Hotel Expo, Fornebu"]
[Date "2017.09.29"]
[Round "2"]
[White "Xu, Yi"]
[Black "Kyrkjebø, Erlend"]
[Result "1-0"]
[WhiteElo "2439"]
[BlackElo "2122"]
[PlyCount "69"]
[EventDate "2017.??.??"]

1. e4 c5 2. Nf3 d6 3. Bb5+ Bd7 4. Bxd7+ Qxd7 5. c4 g6 6. d4 cxd4 7. Nxd4 Bg7 8.
Nc3 Nc6 9. Be3 Nf6 10. f3 O-O 11. Rc1 Rfd8 12. O-O e6 13. Nxc6 Qxc6 14. Qe2 Nd7
15. Rfd1 a5 16. Nb5 Nc5 17. b3 b6 18. Rd2 Rd7 19. Rcd1 Rad8 20. Bg5 f6 21. Bf4
Bf8 22. Be3 Bg7 23. Kh1 Kf7 24. h3 Nb7 25. a3 Nc5 26. Nd4 Qc7 27. b4 Na6 28. b5
Nb8 29. Rc2 Qc8 30. f4 f5 31. exf5 exf5 32. Qf3 Bxd4 33. Qd5+ Kf8 34. Qxd4 d5
35. Qh8+
1-0

[Event "Oslo Chess Festival 2017 "]
[Site "Quality Hotel Expo, Fornebu"]
[Date "2017.09.29"]
[Round "2"]
[White "Sjøberg, Isak"]
[Black "Djurhuus, Rune"]
[Result "0-1"]
[WhiteElo "2078"]
[BlackElo "2417"]
[PlyCount "82"]
[EventDate "2017.??.??"]

1. e4 c5 2. Nf3 Nc6 3. Bb5 g6 4. O-O Bg7 5. d3 Qb6 6. Nc3 Bxc3 7. Bxc6 Bg7 8.
Ba4 Nf6 9. a3 O-O 10. e5 Nd5 11. c4 Nc7 12. b4 d6 13. Rb1 dxe5 14. Be3 Ne6 15.
bxc5 Qc7 16. c6 bxc6 17. Qc1 Rd8 18. Rd1 c5 19. Kf1 Bb7 20. Ng1 e4 21. dxe4
Bxe4 22. Bc2 Bc6 23. g3 Nd4 24. Bxd4 cxd4 25. Bd3 e5 26. Re1 f5 27. c5 e4 28.
Bc4+ Kh8 29. Nh3 d3 30. Rd1 Qe7 31. Qg5 Bf6 32. Qh6 Qg7 33. Qxg7+ Kxg7 34. Nf4
Rd7 35. Ne6+ Kh6 36. Bb5 Rc8 37. Nf4 g5 38. Ng2 Kg6 39. Ne3 Bd4 40. Nc4 Bxb5
41. Rxb5 Kf6
0-1

[Event "Oslo Chess Festival 2017 "]
[Site "Quality Hotel Expo, Fornebu"]
[Date "2017.09.29"]
[Round "2"]
[White "Pigott, John C"]
[Black "Rishovd, Svein"]
[Result "1-0"]
[WhiteElo "2408"]
[BlackElo "2109"]
[PlyCount "71"]
[EventDate "2017.??.??"]

1. e4 e6 2. d4 d5 3. Nc3 Bb4 4. e5 c5 5. a3 Ba5 6. b4 cxd4 7. Qg4 Kf8 8. Nb5
Bb6 9. Nf3 Nc6 10. Bb2 Nge7 11. Nbxd4 h5 12. Qf4 Ng6 13. Nxc6 bxc6 14. Qd2 Nh4
15. Nxh4 Qxh4 16. Bd3 a5 17. O-O g6 18. Kh1 Ba6 19. Qc3 Bxd3 20. cxd3 Bxf2 21.
d4 axb4 22. Qf3 f5 23. exf6 Bxd4 24. g3 Qg4 25. Qxg4 hxg4 26. Bxd4 Kf7 27. axb4
Rxa1 28. Rxa1 e5 29. Bxe5 Ke6 30. Bd4 Rb8 31. Re1+ Kf5 32. Rf1+ Ke6 33. f7 Rf8
34. Rf6+ Ke7 35. Rxc6 Rxf7 36. Rc7+
1-0

[Event "Oslo Chess Festival 2017 "]
[Site "Quality Hotel Expo, Fornebu"]
[Date "2017.09.29"]
[Round "2"]
[White "Ingebretsen, Jens E"]
[Black "Vogt, Lothar"]
[Result "1-0"]
[WhiteElo "2062"]
[BlackElo "2401"]
[PlyCount "109"]
[EventDate "2017.??.??"]

1. e4 c5 2. Nf3 Nc6 3. Bb5 d6 4. d4 cxd4 5. Qxd4 Bd7 6. Qd3 g6 7. c4 Bg7 8. O-O
Nf6 9. Nc3 O-O 10. h3 a6 11. Bxc6 Bxc6 12. Be3 Qa5 13. a4 Nd7 14. Nd4 Ne5 15.
Qe2 Qb4 16. f4 Nxc4 17. Na2 Qxb2 18. Qxc4 Bxe4 19. Nf3 Bxf3 20. gxf3 Rac8 21.
Qd3 Rc2 22. Rfb1 Rg2+ 23. Kf1 Qc2 24. Nb4 Qxd3+ 25. Nxd3 Rg3 26. Ra2 b5 27.
axb5 axb5 28. Rh2 g5 29. Kf2 gxf4 30. Nxf4 Rg5 31. Ne6 Rd5 32. Nxf8 Kxf8 33.
Rhh1 Bc3 34. Rhd1 Rh5 35. Kg2 b4 36. Bd2 Rc5 37. Bxc3 bxc3 38. Rbc1 Rg5+ 39.
Kh2 d5 40. Rxc3 e6 41. Rg1 Rf5 42. Rg4 h5 43. Rg1 d4 44. Rd3 e5 45. Ra1 Kg7 46.
Ra6 f6 47. Ra8 Rf4 48. Kg2 Kg6 49. Rg8+ Kh7 50. Rg3 f5 51. Ra3 e4 52. Ra7+ Kh6
53. Ra6+ Kh7 54. fxe4 fxe4 55. Ra4
1-0